000 00737nam a2200241 a 4500
001 46117
003 BD-RjUL
005 20211209054117.0
008 160731s1967 enk b 000 0 eng
035 _a(BD-RjUL)46235
040 _aDLC
_cDLC
_dEQO
_dBD-RjUL
_beng
041 _aeng
082 _a331.1954
_223
_bSUL 1967
100 1 _aSubramanian, K. N.
_d1909-
_9140966
245 1 0 _aLabour-management relations in India /
_cby K.N. Subramanian.
260 _aLondon :
_bAsia Publishing House,
_c1967.
300 _axxi, 658 p. ;
_c25 cm.
500 _aIncludes Index
650 0 _aLabor unions
_zIndia.
_9140967
650 0 _aIndustrial relations
_zIndia.
_9132805
650 0 _aCollective bargaining
_zIndia.
_9138967
942 _2ddc
_cBK
999 _c46117
_d46117